00384nam a22001337a 450000500170000000800410001704100130005808200120007110000120008324500340009526000480012930000470017765000260022420240724104859.0240724b |||||||| |||| 00| 0 eng d aEnglish  a349 SOU lEnglish aThe South African Law Reports aCape Town : bJuta and Company Ltd, c1922  bCape Town: cJuta and Company Ltd, e1922  aLegal practice bLaw